<?xml version="1.0" encoding="UTF-8"?><?xml-stylesheet type="text/xsl" href="static/style.xsl"?><OAI-PMH xmlns="http://www.openarchives.org/OAI/2.0/" xmlns:xsi="http://www.w3.org/2001/XMLSchema-instance" xsi:schemaLocation="http://www.openarchives.org/OAI/2.0/ http://www.openarchives.org/OAI/2.0/OAI-PMH.xsd"><responseDate>2026-06-30T04:37:00Z</responseDate><request verb="GetRecord" identifier="oai:riubu.ubu.es:10259/11197" metadataPrefix="marc">https://riubu.ubu.es/oai/request</request><GetRecord><record><header><identifier>oai:riubu.ubu.es:10259/11197</identifier><datestamp>2026-05-15T11:32:30Z</datestamp><setSpec>com_10259.4_2560</setSpec><setSpec>com_10259_5086</setSpec><setSpec>com_10259_2604</setSpec><setSpec>col_10259.4_2561</setSpec></header><metadata><record xmlns="http://www.loc.gov/MARC21/slim" xmlns:doc="http://www.lyncode.com/xoai" xmlns:xsi="http://www.w3.org/2001/XMLSchema-instance" xmlns:dcterms="http://purl.org/dc/terms/" xsi:schemaLocation="http://www.loc.gov/MARC21/slim http://www.loc.gov/standards/marcxml/schema/MARC21slim.xsd">
<leader>00925njm 22002777a 4500</leader>
<datafield tag="042" ind1=" " ind2=" ">
<subfield code="a">dc</subfield>
</datafield>
<datafield tag="720" ind1=" " ind2=" ">
<subfield code="a">del Río del Río, Judit</subfield>
<subfield code="e">author</subfield>
</datafield>
<datafield tag="720" ind1=" " ind2=" ">
<subfield code="a">Palencia Ortas, Alicia</subfield>
<subfield code="e">author</subfield>
</datafield>
<datafield tag="720" ind1=" " ind2=" ">
<subfield code="a">Gómez Paccard, Miriam</subfield>
<subfield code="e">author</subfield>
</datafield>
<datafield tag="720" ind1=" " ind2=" ">
<subfield code="a">Carrancho Alonso, Ángel</subfield>
<subfield code="e">author</subfield>
</datafield>
<datafield tag="720" ind1=" " ind2=" ">
<subfield code="a">Saladie, Palmira .</subfield>
<subfield code="e">author</subfield>
</datafield>
<datafield tag="720" ind1=" " ind2=" ">
<subfield code="a">Chacón Navarro, María Gema</subfield>
<subfield code="e">author</subfield>
</datafield>
<datafield tag="720" ind1=" " ind2=" ">
<subfield code="a">Carbonell, Eudald</subfield>
<subfield code="e">author</subfield>
</datafield>
<datafield tag="720" ind1=" " ind2=" ">
<subfield code="a">Vallverdú, Josep</subfield>
<subfield code="e">author</subfield>
</datafield>
<datafield tag="260" ind1=" " ind2=" ">
<subfield code="c">2025-02</subfield>
</datafield>
<datafield tag="520" ind1=" " ind2=" ">
<subfield code="a">Due to its long occupation throughout the Middle Palaeolithic and the abundance of its pyrotechnological evidence, the Abric Romaní rockshelter (Capellades, Barcelona) provides an ideal setting for studying Neanderthal fire use. We conducted an archaeomagnetic study of four hearths from Level R (ca. 60 ky BP). Rock magnetism experiments, including hysteresis loops, and backfield, isothermal remanent magnetisation acquisition and thermo-magnetic curves, were conducted on three specimens per hearth to investigate their magnetic mineralogy. To explore the raw material’s ability to become magnetised, we performed a laboratory-induced partial thermo-remanent magnetisation acquisition in a 50μT field at various increasing temperatures. Our results indicate that the material is predominantly diamagnetic, but contains a small proportion of low coercivity magnetic minerals, likely magnetite. A total of 106 oriented specimens underwent progressive thermal demagnetisation up to 580 °C. Directional results at the specimen level show either a single component or two: one between 250 and 420 °C and another between 300 and 550 °C. Three out of the four hearths yielded normal-polarity archaeomagnetic directions, within the range of secular variation expected for their estimated age; the poor quality of the data prevented any analysis of the remaining structure. These findings suggest that, despite the hearths’ low content in ferromagnetic minerals, they are able to acquire a thermal or thermochemical-remanent magnetisation, accurately recording the Earth’s magnetic field though their high-temperature component. The low-temperature component may reflect a subsequent thermo-chemical or chemical alteration that partially remagnetised the original direction.</subfield>
</datafield>
<datafield tag="024" ind2=" " ind1="8">
<subfield code="a">https://hdl.handle.net/10259/11197</subfield>
</datafield>
<datafield tag="024" ind2=" " ind1="8">
<subfield code="a">10.1007/s41982-025-00213-6</subfield>
</datafield>
<datafield tag="024" ind2=" " ind1="8">
<subfield code="a">2520-8217</subfield>
</datafield>
<datafield ind1=" " ind2=" " tag="653">
<subfield code="a">Archaeomagnetism</subfield>
</datafield>
<datafield ind1=" " ind2=" " tag="653">
<subfield code="a">Hearths</subfield>
</datafield>
<datafield ind1=" " ind2=" " tag="653">
<subfield code="a">Middle Palaeolithic</subfield>
</datafield>
<datafield ind1=" " ind2=" " tag="653">
<subfield code="a">Neanderthals</subfield>
</datafield>
<datafield ind1=" " ind2=" " tag="653">
<subfield code="a">Iberian Peninsula</subfield>
</datafield>
<datafield tag="245" ind1="0" ind2="0">
<subfield code="a">Archaeomagnetic Tools Applied to the Study of Middle Palaeolithic Hearths: The Level R (ca. 60 ka BP) at Abric Romaní (NE Iberian Peninsula)</subfield>
</datafield>
</record></metadata></record></GetRecord></OAI-PMH>